| 000 | 00714nam a2200217Ia 4500 | ||
|---|---|---|---|
| 001 | 12616 | ||
| 003 | GE_BSU | ||
| 008 | 181216s||||||||xx |||||||||||||| ||und|| | ||
| 040 | _cGE_BSU | ||
| 080 | _a630(213.52)+581.9(213.52) | ||
| 100 | _aРичардс,П.Ч. | ||
| 245 | _aТропический дождевой лес | ||
| 245 | _cПеревод с англ.Т.П.Комова и Т.И.Подольской.Предисл. и ред.Ан.А.Федорова | ||
| 260 | _aМосква | ||
| 260 | _bИзд-во иностр. лит-ры | ||
| 260 | _c1961 | ||
| 300 | _a447стр.27см. | ||
| 300 | _cБиблиогр.с.429 | ||
| 653 | _aТропический дождевой лес | ||
| 942 | _cBK | ||
| 999 |
_c45788 _d45788 |
||